000 00524cam a22002051 4500
001 af 48004630
003 DLC
005 20260227110909.0
008 890622s1943 be 000 1 dut c
010 _aaf 48004630
035 _a(OCoLC)19914542
040 _aCalifornia. Univ. Libr.
_cCU
_dDLC
042 _apremarc
050 0 0 _aPT6452.S55
_bG7
100 1 _aSocquet, Juliaan,
_d1921-
245 1 3 _aDe groote stilte.
260 _aBrussel,
_bUitgeverij Ignis
_c[1943?]
300 _a214 p.
_c19 cm.
500 _aA novel.
999 _c6146
_d6146